| 000 | 00540nam a2200169 a 4500 | ||
|---|---|---|---|
| 005 | 20210219160401.0 | ||
| 008 | 081028s1975 mx r 000 0 spa d | ||
| 035 | _aUPN01000164478 | ||
| 049 | _aUNE | ||
| 080 | _aDO 341.1: 327 (7/8) 1975ACT No.16. | ||
| 111 | 2 |
_aOEA. Reunión de Consulta de Ministros de Relaciones Exteriores _n(16a. : _d1975 : _cSan José, Costa Rica) |
|
| 245 | 1 | 0 | _aActa final. |
| 260 |
_aWashington, D.C. : _bOEA, _c1975. |
||
| 300 | _aiii, 9 p. | ||
| 690 | _aOEA- Acuerdos- Relaciones exteriores | ||
| 905 | _aUNESCO | ||
| 999 |
_c136590 _d136590 |
||